History Quiz

Random History or Europe Quiz

Participants in the Nine Years' War War of the League o Quiz Stats

Quiz not verified by Sporcle

Also try: 'C' in History II
Challenge
Share
Tweet
Embed
Score 0/9 Timer 04:00
0 Plays Today
Belligerents Participants % Correct
Dominant European land power of the ageFrance
100%
Grand AllianceEngland
96.8%
Grand AllianceSpain
96.8%
Grand AllianceDutch Republic
90.3%
Grand AllianceSweden
87.1%
Grand AllianceHoly Roman Empire
71%
Grand AlliancePiedmont-Savoy
71%
Anti-English allies to above participantIrish and Scottish Jacobites
67.7%
Grand AllianceScotland
54.8%

You're not logged in!

Compare scores with friends on all Sporcle quizzes.
Join for Free
OR
Log In

You Might Also Like...

Show Comments

Extras

Top Quizzes Today


Score Distribution

Your Account Isn't Verified!

In order to create a playlist on Sporcle, you need to verify the email address you used during registration. Go to your Sporcle Settings to finish the process.

Report this User

Report this user for behavior that violates our Community Guidelines.

Details: